| 000 | 00846cam a22002651 4500 | ||
|---|---|---|---|
| 001 | 9485 | ||
| 003 | BD-RjUL | ||
| 005 | 20211208234803.0 | ||
| 008 | 140121r19661964enka b 001 0 eng d | ||
| 035 | _a(BD-RjUL)9530 | ||
| 035 | _a(OCoLC)545512 | ||
| 040 |
_aDLC _cODaWU _dOCoLC _dUk _d(BD-RjUL) _beng |
||
| 041 | _aeng | ||
| 082 | 0 | 0 |
_a541.396 _bSPC 1966 |
| 100 | 1 |
_aSpice, J. E. _929389 |
|
| 245 | 1 | 0 |
_aChemical binding and structure / _cby J.E. Spice. |
| 260 |
_aOxford ; _bPergamon Press; _aNew York : _bMacmillan, _c1964 [impression 1966]. |
||
| 300 |
_axiii, 395 p. : _bill. ; _c20 cm. |
||
| 504 | _aIncludes index. | ||
| 504 | _aBibliography: p. 365-366. | ||
| 650 | 0 |
_aChemical bonds. _929391 |
|
| 942 |
_2ddc _cBK |
||
| 999 |
_c9485 _d9485 |
||